000 00392nam a2200133Ia 4500
005 20260328101530.0
008 260328s9999||||xx |||||||||||||| ||und||
100 _aMoeller, G. Martin, Jr.
245 0 _aAIA Guide to the Architecture of Washington, DC /
_cG. Martin, Jr. Moeller
260 _bJohns Hopkins University Press
300 _a313 p.
650 _aARQUITECTURA REGIONAL
942 _cBK
999 _c9932
_d9932